书目信息 |
| 题名: |
Java程序设计习题解答及上机实践
|
|
| 作者: | 刘慧宁 , 王东 编著 | |
| 分册: | ||
| 出版信息: | 北京 机械工业出版社 2006 |
|
| 页数: | 191页 | |
| 开本: | 26cm | |
| 丛书名: | ||
| 单 册: | ||
| 中图分类: | TP312JA | |
| 科图分类: | ||
| 主题词: | JAVA语言--程序设计--高等学校--教学参考资料 , 程序设计 , JAVA语言 | |
| 电子资源: | ||
| ISBN: | 7-111-18852-7 | |
| 000 | 00987nam0 2200277 450 | |
| 001 | 070730000584 | |
| 005 | 20071016103944.67 | |
| 010 | @a7-111-18852-7@dCNY18.00 | |
| 035 | @a003167315 | |
| 100 | @a20060104d2006 em y0chiy0110 ea | |
| 101 | 0 | @achi |
| 102 | @aCN@b110000 | |
| 105 | @ay zq 000yy | |
| 200 | 1 | @aJava程序设计习题解答及上机实践@AJava cheng xu she ji xi ti jie da ji shang ji shi jian@f刘慧宁,王东等编著 |
| 210 | @a北京@c机械工业出版社@d2006 | |
| 215 | @a191页@d26cm | |
| 300 | @a21世纪高等院校应用型规划教材 | |
| 330 | @a本书是与《Java程序设计》配套的习题解答及上机实践辅导教材。其中,习题解答部分给出了《Java程序设计》各章习题的参考答案;上机实践两部分给出了16个精心设计的实验。 | |
| 606 | 0 | @aJAVA语言@x程序设计@x高等学校@j教学参考资料 |
| 606 | 0 | @a程序设计 |
| 606 | 0 | @aJAVA语言 |
| 690 | @aTP312JA@v4 | |
| 701 | 0 | @a刘慧宁@Aliu hui ning@c(计算机)@4编著 |
| 701 | 0 | @a王东@Awang dong@c(计算机)@4编著 |
| 801 | 0 | @aCN@c20071016 |
| 905 | @dTP312JA@eL625 | |
| Java程序设计习题解答及上机实践/刘慧宁,王东等编著.-北京:机械工业出版社,2006 |
| 191页;26cm |
| 21世纪高等院校应用型规划教材 |
| ISBN 7-111-18852-7:CNY18.00 |
| 本书是与《Java程序设计》配套的习题解答及上机实践辅导教材。其中,习题解答部分给出了《Java程序设计》各章习题的参考答案;上机实践两部分给出了16个精心设计的实验。 |
| ● |
| 相关链接 |
|
|
|
正题名:Java程序设计习题解答及上机实践
索取号:TP312JA/L625
 
预约/预借
| 序号 | 登录号 | 条形码 | 馆藏地/架位号 | 状态 | 备注 |
| 1 | 651298 | 206512987 | 自科库301/301自科库 49排5列5层/ [索取号:TP312JA/L625] | 在馆 | |
| 2 | 651299 | 206512996 | 自科库301/301自科库 55排6列2层/ [索取号:TP312JA/L625] | 在馆 | |
| 3 | 651300 | 206513003 | 自科库301/301自科库 55排6列2层/ [索取号:TP312JA/L625] | 在馆 |